Statistics for Fascist Countries

Click here to take the quiz!

General Stats

  • This quiz has been taken 952 times
    (947 since last reset)
  • The average score is 19 of 32

Answer Stats

In PowerCountry% Correct
1933-1945Germany
97%
1922-1943Italy
96%
1936-1975Spain
88%
1931-1945Japan
83%
1940-1944France
82%
1933-1945Austria
76%
1940-1944Romania
76%
1932-1974Portugal
75%
1932-1945Hungary
74%
132-1938; 1941-1945China
72%
1926-1939Poland
72%
1936-1941Greece
71%
1946-1955; 1973-1974Argentina
69%
1934-1946Bulgaria
69%
1937-1945Brazil
65%
1974-1990Chile
62%
1929-1933Finland
62%
1943-1945Norway
60%
1937-1945Albania
58%
1941-1945Croatia
56%
1968-2003Iraq
55%
1939-1944Slovakia
52%
1963-PresentSyria
41%
1947-1962Paraguay
38%
1965-1997Zaire
34%
1927-1945Lithuania
31%
1953-1986/96Guatemala
30%
1945-1992El Salvador
28%
1943-1945Philippines
26%
1926-1943San Marino
26%
1930-1961Dominican Republic
23%
1932-1945Manchukuo
12%

Score Distribution

Percentile by Number Answered

Percent of People with Each Score

Your Score History

You have not taken this quiz since the last reset